Statistics for Biggest American Cities that End in T on a Map

Click here to take the quiz!

General Stats

  • This quiz has been taken 98 times
  • The average score is 7 of 12

Answers on the Map

Answers color-coded by a green-red scale on the quiz's map according to % correct below.
 

Answer Stats

PopulationCity% Correct
639,111Detroit
100%
187,593Shreveport
80%
148,654Bridgeport
70%
150,362Joliet
57%
101,724Davenport
54%
267,918Gilbert
51%
110,629Everett
50%
115,282Beaumont
46%
230,504Fremont
46%
136,588Kent
42%
101,108Lee's Summit
35%
114,059High Point
33%

Score Distribution

Percentile by Number Answered

Percent of People with Each Score

Your Score History

You have not taken this quiz